[Event "Elite Hotels Open 2025"]
[Site "Elite Stadshotellet, Växjö, Sweden"]
[Date "2025.02.09"]
[Round "8.11"]
[White "Ljung, Harald"]
[Black "Tops, Jonatan"]
[Result "1/2-1/2"]
[TimeControl "R1-4: 15 min + 5 sek, R5-8: 90 min + 30 sek"]
[WhiteElo "2169"]
[BlackElo "2020"]

1. d4 {[%clk 01:30:58]} {[%emt 00:00:02]} Nf6 {[%clk 01:30:54]} {[%emt
00:00:06]} 2. Nf3 {[%clk 01:31:20]} {[%emt 00:00:08]} c5 {[%clk 01:31:16]}
{[%emt 00:00:08]} 3. e3 {[%clk 01:31:41]} {[%emt 00:00:10]} g6 {[%clk
01:31:28]} {[%emt 00:00:17]} 4. Be2 {[%clk 01:32:02]} {[%emt 00:00:09]} Bg7
{[%clk 01:31:25]} {[%emt 00:00:33]} 5. O-O {[%clk 01:32:22]} {[%emt 00:00:09]}
b6 {[%clk 01:31:31]} {[%emt 00:00:25]} 6. b3 {[%clk 01:30:26]} {[%emt
00:02:26]} cxd4 {[%clk 01:31:08]} {[%emt 00:00:53]} 7. exd4 {[%clk 01:30:47]}
{[%emt 00:00:07]} Bb7 {[%clk 01:30:14]} {[%emt 00:01:26]} 8. Bb2 {[%clk
01:31:08]} {[%emt 00:00:08]} O-O {[%clk 01:30:12]} {[%emt 00:00:33]} 9. c4
{[%clk 01:29:37]} {[%emt 00:02:00]} d5 {[%clk 01:26:15]} {[%emt 00:04:28]} 10.
Nc3 {[%clk 01:29:53]} {[%emt 00:00:14]} e6 {[%clk 01:26:38]} {[%emt 00:00:07]}
11. Rc1 {[%clk 01:29:09]} {[%emt 00:01:13]} Nc6 {[%clk 01:24:56]} {[%emt
00:02:13]} 12. Ne5 {[%clk 01:10:04]} {[%emt 00:19:34]} dxc4 {[%clk 01:12:54]}
{[%emt 00:12:34]} 13. Nxc6 {[%clk 01:09:37]} {[%emt 00:00:55]} Bxc6 {[%clk
01:13:20]} {[%emt 00:00:05]} 14. bxc4 {[%clk 01:09:35]} {[%emt 00:00:31]} Rc8
{[%clk 01:07:32]} {[%emt 00:06:19]} 15. Qb3 {[%clk 01:01:53]} {[%emt 00:08:12]}
Qd7 {[%clk 00:56:19]} {[%emt 00:11:44]} 16. Rfd1 {[%clk 01:01:34]} {[%emt
00:00:47]} Rfd8 {[%clk 00:53:15]} {[%emt 00:03:35]} 17. d5 {[%clk 00:47:41]}
{[%emt 00:14:23]} exd5 {[%clk 00:53:36]} {[%emt 00:00:09]} 18. cxd5 {[%clk
00:48:07]} {[%emt 00:00:03]} Bb7 {[%clk 00:53:55]} {[%emt 00:00:13]} 19. Bf3
{[%clk 00:47:13]} {[%emt 00:01:22]} Ba6 {[%clk 00:39:39]} {[%emt 00:14:47]} 20.
Qb4 {[%clk 00:42:53]} {[%emt 00:04:49]} Rc4 {[%clk 00:35:29]} {[%emt 00:04:41]}
21. Qa3 {[%clk 00:42:47]} {[%emt 00:00:36]} Bb7 {[%clk 00:35:52]} {[%emt
00:00:07]} 22. Qxa7 {[%clk 00:36:29]} {[%emt 00:06:48]} Rb4 {[%clk 00:34:20]}
{[%emt 00:02:02]} 23. Ba3 {[%clk 00:36:29]} {[%emt 00:00:30]} Rf4 {[%clk
00:26:18]} {[%emt 00:08:32]} 24. Qxb6 {[%clk 00:34:44]} {[%emt 00:02:13]} Ra8
{[%clk 00:26:28]} {[%emt 00:00:22]} 25. Bd6 {[%clk 00:31:34]} {[%emt 00:03:38]}
Rxf3 {[%clk 00:26:02]} {[%emt 00:00:59]} 26. gxf3 {[%clk 00:29:02]} {[%emt
00:03:02]} Ra6 {[%clk 00:26:24]} {[%emt 00:00:07]} 27. Qb5 {[%clk 00:26:36]}
{[%emt 00:02:56]} Rxd6 {[%clk 00:26:39]} {[%emt 00:00:14]} 28. Rb1 {[%clk
00:27:02]} {[%emt 00:00:05]} Qxb5 {[%clk 00:24:32]} {[%emt 00:02:37]} 29. Rxb5
{[%clk 00:27:12]} {[%emt 00:00:20]} Rd7 {[%clk 00:23:06]} {[%emt 00:01:56]} 30.
a4 {[%clk 00:24:05]} {[%emt 00:03:37]} Bf8 {[%clk 00:20:51]} {[%emt 00:02:45]}
31. a5 {[%clk 00:23:40]} {[%emt 00:00:54]} Kg7 {[%clk 00:20:21]} {[%emt
00:01:00]} 32. Rdb1 {[%clk 00:16:37]} {[%emt 00:07:33]} Ba6 {[%clk 00:17:37]}
{[%emt 00:03:14]} 33. Rb6 {[%clk 00:16:43]} {[%emt 00:00:25]} Bc4 {[%clk
00:13:59]} {[%emt 00:04:08]} 34. a6 {[%clk 00:10:46]} {[%emt 00:06:26]} Ra7
{[%clk 00:11:16]} {[%emt 00:03:14]} 35. Rc6 {[%clk 00:09:01]} {[%emt 00:02:15]}
Nxd5 {[%clk 00:05:36]} {[%emt 00:06:11]} 36. Rxc4 {[%clk 00:02:01]} {[%emt
00:07:28]} Nxc3 {[%clk 00:06:02]} {[%emt 00:00:05]} 37. Rxc3 {[%clk 00:02:21]}
{[%emt 00:00:09]} Rxa6 {[%clk 00:06:25]} {[%emt 00:00:07]} 1/2-1/2

[Event "Elite Hotels Open 2025"]
[Site "Elite Stadshotellet, Växjö, Sweden"]
[Date "2025.02.09"]
[Round "8.12"]
[White "Sevastianov, Andrii"]
[Black "Johansson, William 2007"]
[Result "1-0"]
[TimeControl "R1-4: 15 min + 5 sek, R5-8: 90 min + 30 sek"]
[WhiteElo "2161"]
[BlackElo "2020"]

1. e4 {[%clk 01:30:55]} {[%emt 00:00:04]} c6 {[%clk 01:30:51]} {[%emt
00:00:09]} 2. d4 {[%clk 01:31:06]} {[%emt 00:00:18]} d5 {[%clk 01:31:17]}
{[%emt 00:00:05]} 3. exd5 {[%clk 01:31:25]} {[%emt 00:00:10]} cxd5 {[%clk
01:31:39]} {[%emt 00:00:09]} 4. Bd3 {[%clk 01:31:47]} {[%emt 00:00:07]} Nf6
{[%clk 01:32:04]} {[%emt 00:00:06]} 5. h3 {[%clk 01:32:09]} {[%emt 00:00:08]}
Nc6 {[%clk 01:32:24]} {[%emt 00:00:11]} 6. c3 {[%clk 01:32:30]} {[%emt
00:00:09]} g6 {[%clk 01:32:49]} {[%emt 00:00:05]} 7. Nf3 {[%clk 01:32:53]}
{[%emt 00:00:06]} Bf5 {[%clk 01:33:13]} {[%emt 00:00:06]} 8. Be2 {[%clk
01:33:16]} {[%emt 00:00:07]} e6 {[%clk 01:33:28]} {[%emt 00:00:16]} 9. O-O
{[%clk 01:33:31]} {[%emt 00:00:14]} h6 {[%clk 01:33:40]} {[%emt 00:00:18]} 10.
Ne5 {[%clk 01:20:20]} {[%emt 00:13:40]} Nxe5 {[%clk 01:32:44]} {[%emt
00:01:28]} 11. dxe5 {[%clk 01:19:51]} {[%emt 00:00:59]} Nd7 {[%clk 01:33:07]}
{[%emt 00:00:06]} 12. Be3 {[%clk 01:14:21]} {[%emt 00:06:00]} Bg7 {[%clk
01:28:18]} {[%emt 00:05:19]} 13. f4 {[%clk 01:12:34]} {[%emt 00:02:16]} g5
{[%clk 01:25:30]} {[%emt 00:03:20]} 14. Qd4 {[%clk 01:04:51]} {[%emt 00:08:12]}
O-O {[%clk 01:09:40]} {[%emt 00:16:20]} 15. Nd2 {[%clk 01:04:09]} {[%emt
00:01:13]} f6 {[%clk 01:01:25]} {[%emt 00:08:44]} 16. exf6 {[%clk 01:01:41]}
{[%emt 00:02:58]} Bxf6 {[%clk 01:01:47]} {[%emt 00:00:08]} 17. Qa4 {[%clk
01:01:25]} {[%emt 00:00:45]} Qe7 {[%clk 00:59:45]} {[%emt 00:02:33]} 18. Rae1
{[%clk 00:56:47]} {[%emt 00:05:07]} Nc5 {[%clk 00:58:19]} {[%emt 00:01:57]} 19.
Qd1 {[%clk 00:50:10]} {[%emt 00:07:07]} gxf4 {[%clk 00:50:46]} {[%emt
00:08:03]} 20. Rxf4 {[%clk 00:44:25]} {[%emt 00:06:13]} Bg5 {[%clk 00:47:26]}
{[%emt 00:03:52]} 21. Rf3 {[%clk 00:44:11]} {[%emt 00:00:44]} Rf7 {[%clk
00:38:04]} {[%emt 00:09:53]} 22. Bxg5 {[%clk 00:39:28]} {[%emt 00:05:13]} Qxg5
{[%clk 00:36:51]} {[%emt 00:01:43]} 23. Bf1 {[%clk 00:35:10]} {[%emt 00:04:47]}
Raf8 {[%clk 00:32:44]} {[%emt 00:04:37]} 24. Ree3 {[%clk 00:33:27]} {[%emt
00:02:13]} Kh7 {[%clk 00:31:21]} {[%emt 00:01:53]} 25. b4 {[%clk 00:24:40]}
{[%emt 00:09:16]} Nd7 {[%clk 00:26:56]} {[%emt 00:04:55]} 26. Qe1 {[%clk
00:21:10]} {[%emt 00:04:01]} e5 {[%clk 00:24:56]} {[%emt 00:02:30]} 27. Rg3
{[%clk 00:19:10]} {[%emt 00:02:30]} Qf6 {[%clk 00:25:06]} {[%emt 00:00:20]} 28.
Bb5 {[%clk 00:14:28]} {[%emt 00:05:12]} Qb6 {[%clk 00:18:00]} {[%emt 00:07:36]}
29. Bxd7 {[%clk 00:13:19]} {[%emt 00:01:39]} Bxd7 {[%clk 00:18:27]} {[%emt
00:00:03]} 30. Nf3 {[%clk 00:11:02]} {[%emt 00:02:46]} Bb5 {[%clk 00:15:05]}
{[%emt 00:03:53]} 31. Kh2 {[%clk 00:07:16]} {[%emt 00:04:16]} e4 {[%clk
00:14:46]} {[%emt 00:00:50]} 32. Ne5 {[%clk 00:06:49]} {[%emt 00:00:55]} Rf5
{[%clk 00:13:24]} {[%emt 00:01:53]} 33. a4 {[%clk 00:04:24]} {[%emt 00:02:56]}
Rxe5 {[%clk 00:12:37]} {[%emt 00:01:17]} 34. axb5 {[%clk 00:04:45]} {[%emt
00:00:08]} Qxb5 {[%clk 00:12:27]} {[%emt 00:00:40]} 35. Rg4 {[%clk 00:04:47]}
{[%emt 00:00:28]} h5 {[%clk 00:06:07]} {[%emt 00:06:50]} 36. Qh4 {[%clk
00:03:27]} {[%emt 00:01:50]} Qf1 {[%clk 00:03:48]} {[%emt 00:02:49]} 37. Reg3
{[%clk 00:03:20]} {[%emt 00:00:37]} Qf6 {[%clk 00:02:14]} {[%emt 00:02:04]} 38.
Rg5 {[%clk 00:03:36]} {[%emt 00:00:14]} Rxg5 {[%clk 00:01:54]} {[%emt
00:00:50]} 39. Rxg5 {[%clk 00:03:58]} {[%emt 00:00:08]} Qf4+ {[%clk 00:01:43]}
{[%emt 00:00:41]} 40. Qxf4 {[%clk 00:04:21]} {[%emt 00:00:07]} Rxf4 {[%clk
00:02:12]} {[%emt 00:00:02]} 41. Rxh5+ {[%clk 00:04:38]} {[%emt 00:00:12]} Kg6
{[%clk 00:02:27]} {[%emt 00:00:15]} 42. Rxd5 {[%clk 00:04:57]} {[%emt
00:00:08]} Kf6 {[%clk 00:01:51]} {[%emt 00:01:09]} 43. Kg3 {[%clk 00:02:19]}
{[%emt 00:03:09]} Rf1 {[%clk 00:02:12]} {[%emt 00:00:09]} 44. Rd8 {[%clk
00:02:27]} {[%emt 00:00:20]} Ke5 {[%clk 00:01:58]} {[%emt 00:00:45]} 45. Re8+
{[%clk 00:02:47]} {[%emt 00:00:10]} Kd5 {[%clk 00:02:19]} {[%emt 00:00:09]} 46.
h4 {[%clk 00:03:04]} {[%emt 00:00:13]} Rc1 {[%clk 00:00:53]} {[%emt 00:01:56]}
47. Kf4 {[%clk 00:02:37]} {[%emt 00:00:57]} Rf1+ {[%clk 00:00:34]} {[%emt
00:00:49]} 48. Kg5 {[%clk 00:03:00]} {[%emt 00:00:07]} Rc1 {[%clk 00:00:51]}
{[%emt 00:00:13]} 49. h5 {[%clk 00:01:14]} {[%emt 00:02:16]} Rxc3 {[%clk
00:01:06]} {[%emt 00:00:15]} 50. g4 {[%clk 00:01:25]} {[%emt 00:00:20]} Rh3
{[%clk 00:00:45]} {[%emt 00:00:51]} 51. Re7 {[%clk 00:00:36]} {[%emt 00:01:19]}
e3 {[%clk 00:00:33]} {[%emt 00:00:42]} 52. Rxb7 {[%clk 00:00:39]} {[%emt
00:00:26]} Kd4 {[%clk 00:00:32]} {[%emt 00:00:31]} 53. Rxa7 {[%clk 00:00:58]}
{[%emt 00:00:12]} e2 {[%clk 00:00:46]} {[%emt 00:00:16]} 54. Ra1 {[%clk
00:01:19]} {[%emt 00:00:07]} Kd3 {[%clk 00:00:31]} {[%emt 00:00:47]} 55. h6
{[%clk 00:01:27]} {[%emt 00:00:22]} Rf3 {[%clk 00:00:50]} {[%emt 00:00:10]} 56.
Re1 {[%clk 00:01:37]} {[%emt 00:00:19]} Kd2 {[%clk 00:01:06]} {[%emt 00:00:16]}
57. Rxe2+ {[%clk 00:01:55]} {[%emt 00:00:12]} Kxe2 {[%clk 00:01:33]} {[%emt
00:00:03]} 58. h7 {[%clk 00:01:50]} {[%emt 00:00:34]} Rh3 {[%clk 00:01:56]}
{[%emt 00:00:07]} 59. Kg6 {[%clk 00:02:00]} {[%emt 00:00:20]} Kf3 {[%clk
00:02:19]} {[%emt 00:00:07]} 60. b5 {[%clk 00:01:53]} {[%emt 00:00:37]} Kxg4
{[%clk 00:02:24]} {[%emt 00:00:25]} 61. b6 {[%clk 00:02:12]} {[%emt 00:00:10]}
Rb3 {[%clk 00:01:18]} {[%emt 00:01:37]} 62. h8=Q {[%clk 00:02:30]} {[%emt
00:00:13]} Rxb6+ {[%clk 00:01:38]} {[%emt 00:00:09]} 63. Kf7 {[%clk 00:02:55]}
{[%emt 00:00:05]} Rb7+ {[%clk 00:01:47]} {[%emt 00:00:22]} 64. Ke6 {[%clk
00:03:13]} {[%emt 00:00:08]} Rb6+ {[%clk 00:02:08]} {[%emt 00:00:11]} 65. Kd5
{[%clk 00:03:33]} {[%emt 00:00:08]} Rb5+ {[%clk 00:02:27]} {[%emt 00:00:14]} 66.
Kc4 {[%clk 00:03:48]} {[%emt 00:00:15]} Rg5 {[%clk 00:02:50]} {[%emt 00:00:07]}
67. Kd4 {[%clk 00:04:00]} {[%emt 00:00:17]} Rf5 {[%clk 00:02:52]} {[%emt
00:00:29]} 68. Qc8 {[%clk 00:03:54]} {[%emt 00:00:36]} Kf4 {[%clk 00:03:10]}
{[%emt 00:00:12]} 69. Qc1 {[%clk 00:04:01]} {[%emt 00:00:22]} Kg4 {[%clk
00:03:24]} {[%emt 00:00:18]} 70. Qg1 {[%clk 00:04:13]} {[%emt 00:00:18]} Kf4
{[%clk 00:03:37]} {[%emt 00:00:16]} 71. Qg2 {[%clk 00:04:26]} {[%emt 00:00:17]}
Rf6 {[%clk 00:03:20]} {[%emt 00:00:47]} 72. Qf2 {[%clk 00:04:41]} {[%emt
00:00:14]} Kg5 {[%clk 00:03:41]} {[%emt 00:00:11]} 73. Qg3+ {[%clk 00:05:05]}
{[%emt 00:00:06]} Kf5 {[%clk 00:04:04]} {[%emt 00:00:07]} 74. Kd5 {[%clk
00:05:24]} {[%emt 00:00:10]} Rf7 {[%clk 00:03:59]} {[%emt 00:00:36]} 75. Qf3
{[%clk 00:05:46]} {[%emt 00:00:06]} Kg6 {[%clk 00:04:20]} {[%emt 00:00:10]} 76.
Qg4+ {[%clk 00:06:05]} {[%emt 00:00:09]} Kf6 {[%clk 00:04:45]} {[%emt
00:00:07]} 77. Kd6 {[%clk 00:06:25]} {[%emt 00:00:09]} Rf8 {[%clk 00:04:54]}
{[%emt 00:00:22]} 78. Qf4 {[%clk 00:04:47]} {[%emt 00:02:09]} Kg7 {[%clk
00:05:21]} {[%emt 00:00:02]} 79. Qg5+ {[%clk 00:05:05]} {[%emt 00:00:12]} Kf7
{[%clk 00:04:48]} {[%emt 00:01:03]} 80. Kd7 {[%clk 00:05:22]} {[%emt 00:00:13]}
Rg8 {[%clk 00:04:59]} {[%emt 00:00:19]} 81. Qf5 {[%clk 00:05:33]} {[%emt
00:00:20]} Kg7 {[%clk 00:05:19]} {[%emt 00:00:10]} 82. Ke7 {[%clk 00:05:44]}
{[%emt 00:00:17]} Kh8 {[%clk 00:05:37]} {[%emt 00:00:13]} 83. Qh3+ {[%clk
00:05:51]} {[%emt 00:00:23]} Kg7 {[%clk 00:06:00]} {[%emt 00:00:07]} 84. Qh5
{[%clk 00:06:09]} {[%emt 00:00:12]} Rh8 {[%clk 00:04:43]} {[%emt 00:01:47]} 85.
Qg5 {[%clk 00:06:25]} {[%emt 00:00:14]} Kh7 {[%clk 00:05:02]} {[%emt 00:00:12]}
86. Kf7 {[%clk 00:06:30]} {[%emt 00:00:23]} Rf8+ {[%clk 00:05:16]} {[%emt
00:00:17]} 87. Kxf8 {[%clk 00:06:52]} {[%emt 00:00:08]} Kh8 {[%clk 00:05:41]}
{[%emt 00:00:05]} 88. Qg8 {[%emt 00:00:06]} 1-0

[Event "Elite Hotels Open 2025"]
[Site "Elite Stadshotellet, Växjö, Sweden"]
[Date "2025.02.09"]
[Round "8.13"]
[White "Karlsson, Jorgen"]
[Black "Fransson, Patrick"]
[Result "0-1"]
[TimeControl "R1-4: 15 min + 5 sek, R5-8: 90 min + 30 sek"]
[WhiteElo "2013"]
[BlackElo "2092"]

1. c4 {[%clk 01:30:57]} {[%emt 00:00:03]} f5 {[%clk 01:30:40]} {[%emt
00:00:20]} 2. e4 {[%clk 01:30:02]} {[%emt 00:01:25]} e6 {[%clk 01:29:34]}
{[%emt 00:01:37]} 3. Nc3 {[%clk 01:29:48]} {[%emt 00:00:43]} d6 {[%clk
01:29:07]} {[%emt 00:00:57]} 4. d4 {[%clk 01:26:15]} {[%emt 00:04:03]} Nc6
{[%clk 01:26:13]} {[%emt 00:03:23]} 5. Nf3 {[%clk 01:22:02]} {[%emt 00:04:44]}
Nf6 {[%clk 01:23:51]} {[%emt 00:02:52]} 6. Bd3 {[%clk 01:22:03]} {[%emt
00:00:29]} g6 {[%clk 01:22:59]} {[%emt 00:01:22]} 7. Qe2 {[%clk 01:12:14]}
{[%emt 00:10:19]} Qe7 {[%clk 01:17:08]} {[%emt 00:06:21]} 8. exf5 {[%clk
00:54:50]} {[%emt 00:17:54]} exf5 {[%clk 01:12:20]} {[%emt 00:05:18]} 9. Bg5
{[%clk 00:51:44]} {[%emt 00:03:36]} Qxe2+ {[%clk 01:10:44]} {[%emt 00:02:06]}
10. Kxe2 {[%clk 00:52:08]} {[%emt 00:00:06]} Bg7 {[%clk 01:09:04]} {[%emt
00:02:11]} 11. Rad1 {[%clk 00:50:10]} {[%emt 00:02:27]} O-O {[%clk 01:07:47]}
{[%emt 00:01:47]} 12. Rhe1 {[%clk 00:50:24]} {[%emt 00:00:17]} h6 {[%clk
01:06:38]} {[%emt 00:01:39]} 13. Bc1 {[%clk 00:50:28]} {[%emt 00:00:25]} a6
{[%clk 01:01:46]} {[%emt 00:05:22]} 14. Kf1 {[%clk 00:48:01]} {[%emt 00:02:57]}
Bd7 {[%clk 00:57:47]} {[%emt 00:04:29]} 15. c5 {[%clk 00:41:06]} {[%emt
00:07:25]} g5 {[%clk 00:45:10]} {[%emt 00:13:07]} 16. cxd6 {[%clk 00:34:10]}
{[%emt 00:07:27]} cxd6 {[%clk 00:45:32]} {[%emt 00:00:07]} 17. d5 {[%clk
00:33:45]} {[%emt 00:00:54]} Na7 {[%clk 00:39:50]} {[%emt 00:06:13]} 18. Be3
{[%clk 00:27:33]} {[%emt 00:06:42]} Ng4 {[%clk 00:37:28]} {[%emt 00:02:53]} 19.
Bb6 {[%clk 00:18:07]} {[%emt 00:09:55]} Ne5 {[%clk 00:29:25]} {[%emt 00:08:33]}
20. Nd4 {[%clk 00:17:51]} {[%emt 00:00:46]} Nc8 {[%clk 00:27:22]} {[%emt
00:02:34]} 21. Ba5 {[%clk 00:17:18]} {[%emt 00:01:03]} b6 {[%clk 00:25:01]}
{[%emt 00:02:50]} 22. Bb4 {[%clk 00:17:43]} {[%emt 00:00:05]} b5 {[%clk
00:25:10]} {[%emt 00:00:21]} 23. Ba5 {[%clk 00:17:58]} {[%emt 00:00:15]} Rb8
{[%clk 00:25:27]} {[%emt 00:00:13]} 24. Ne6 {[%clk 00:14:46]} {[%emt 00:03:42]}
Rf7 {[%clk 00:19:57]} {[%emt 00:05:59]} 25. Nxg7 {[%clk 00:15:11]} {[%emt
00:00:06]} Kxg7 {[%clk 00:20:21]} {[%emt 00:00:07]} 26. Bc7 {[%clk 00:14:54]}
{[%emt 00:00:46]} Nxd3 {[%clk 00:20:06]} {[%emt 00:00:46]} 27. Bxb8 {[%clk
00:14:43]} {[%emt 00:00:40]} Nxe1 {[%clk 00:20:00]} {[%emt 00:00:36]} 28. Kxe1
{[%clk 00:10:16]} {[%emt 00:04:57]} Be8 {[%clk 00:19:06]} {[%emt 00:01:24]} 0-1

[Event "Elite Hotels Open 2025"]
[Site "Elite Stadshotellet, Växjö, Sweden"]
[Date "2025.02.09"]
[Round "8.14"]
[White "Eklund, Joel"]
[Black "Tabaa, Ghayth"]
[Result "1-0"]
[TimeControl "R1-4: 15 min + 5 sek, R5-8: 90 min + 30 sek"]
[WhiteElo "2205"]
[BlackElo "2031"]

1. d4 {[%clk 01:30:55]} {[%emt 00:00:05]} e6 {[%clk 01:29:42]} {[%emt
00:01:19]} 2. e4 {[%clk 01:31:05]} {[%emt 00:00:19]} d5 {[%clk 01:30:05]}
{[%emt 00:00:07]} 3. e5 {[%clk 01:31:27]} {[%emt 00:00:08]} Bd7 {[%clk
01:30:19]} {[%emt 00:00:16]} 4. Nf3 {[%clk 01:30:42]} {[%emt 00:01:15]} a6
{[%clk 01:30:20]} {[%emt 00:00:29]} 5. a4 {[%clk 01:24:31]} {[%emt 00:06:40]}
c5 {[%clk 01:29:49]} {[%emt 00:01:02]} 6. c3 {[%clk 01:24:18]} {[%emt
00:00:44]} Nc6 {[%clk 01:30:03]} {[%emt 00:00:15]} 7. dxc5 {[%clk 01:24:13]}
{[%emt 00:00:35]} Bxc5 {[%clk 01:27:23]} {[%emt 00:03:11]} 8. Bd3 {[%clk
01:24:35]} {[%emt 00:00:07]} Qc7 {[%clk 01:24:47]} {[%emt 00:03:05]} 9. Qe2
{[%clk 01:18:49]} {[%emt 00:06:14]} Nge7 {[%clk 01:24:40]} {[%emt 00:00:41]} 10.
O-O {[%clk 01:18:28]} {[%emt 00:00:50]} Ng6 {[%clk 01:24:28]} {[%emt 00:00:42]}
11. Re1 {[%clk 01:18:48]} {[%emt 00:00:10]} Ba7 {[%clk 01:21:57]} {[%emt
00:03:01]} 12. h4 {[%clk 01:13:17]} {[%emt 00:06:01]} Bb8 {[%clk 01:19:59]}
{[%emt 00:02:27]} 13. Bxg6 {[%clk 01:12:11]} {[%emt 00:01:37]} hxg6 {[%clk
01:19:34]} {[%emt 00:00:55]} 14. Bf4 {[%clk 01:12:10]} {[%emt 00:00:31]} Ba7
{[%clk 01:12:26]} {[%emt 00:07:38]} 15. Nbd2 {[%clk 01:11:03]} {[%emt
00:01:37]} Ne7 {[%clk 01:05:14]} {[%emt 00:07:42]} 16. Nb3 {[%clk 01:02:03]}
{[%emt 00:09:30]} Nf5 {[%clk 00:57:41]} {[%emt 00:08:03]} 17. g3 {[%clk
01:02:16]} {[%emt 00:00:17]} Qc4 {[%clk 00:51:27]} {[%emt 00:06:44]} 18. Nbd4
{[%clk 00:46:09]} {[%emt 00:16:37]} Bxd4 {[%clk 00:38:31]} {[%emt 00:13:26]} 19.
cxd4 {[%clk 00:46:28]} {[%emt 00:00:11]} Rc8 {[%clk 00:35:03]} {[%emt
00:03:57]} 20. Qd1 {[%clk 00:43:13]} {[%emt 00:03:46]} Qc2 {[%clk 00:28:53]}
{[%emt 00:06:40]} 21. Rc1 {[%clk 00:40:46]} {[%emt 00:02:57]} Qxd1 {[%clk
00:28:07]} {[%emt 00:01:15]} 22. Rxc8+ {[%clk 00:41:10]} {[%emt 00:00:06]} Bxc8
{[%clk 00:28:26]} {[%emt 00:00:12]} 23. Rxd1 {[%clk 00:41:38]} {[%emt
00:00:02]} Bd7 {[%clk 00:26:14]} {[%emt 00:02:42]} 24. Rc1 {[%clk 00:41:03]}
{[%emt 00:01:04]} Ne7 {[%clk 00:24:38]} {[%emt 00:02:06]} 25. Rc7 {[%clk
00:35:32]} {[%emt 00:06:01]} Kd8 {[%clk 00:21:51]} {[%emt 00:03:18]} 26. Rxb7
{[%clk 00:35:36]} {[%emt 00:00:26]} Kc8 {[%clk 00:21:57]} {[%emt 00:00:23]} 27.
Rb4 {[%clk 00:23:39]} {[%emt 00:12:28]} Kc7 {[%clk 00:20:04]} {[%emt 00:02:22]}
28. Bd2 {[%clk 00:20:18]} {[%emt 00:03:51]} Rc8 {[%clk 00:18:16]} {[%emt
00:02:18]} 29. Kf1 {[%clk 00:16:41]} {[%emt 00:04:07]} Be8 {[%clk 00:03:59]}
{[%emt 00:14:48]} 30. Ke2 {[%clk 00:16:04]} {[%emt 00:01:07]} Ra8 {[%clk
00:01:12]} {[%emt 00:03:16]} 31. Ke3 {[%clk 00:09:32]} {[%emt 00:07:04]} Ra7
{[%clk 00:01:21]} {[%emt 00:00:20]} 32. g4 {[%clk 00:08:31]} {[%emt 00:01:31]}
f6 {[%clk 00:00:53]} {[%emt 00:00:58]} 33. Kf4 {[%clk 00:07:30]} {[%emt
00:01:32]} a5 {[%clk 00:00:49]} {[%emt 00:00:34]} 34. Rb3 {[%clk 00:07:33]}
{[%emt 00:00:26]} Bxa4 {[%clk 00:00:32]} {[%emt 00:00:47]} 35. Ra3 {[%clk
00:07:45]} {[%emt 00:00:17]} Bd1 {[%clk 00:00:43]} {[%emt 00:00:19]} 36. Bxa5+
{[%clk 00:03:29]} {[%emt 00:04:46]} Kd7 {[%clk 00:01:08]} {[%emt 00:00:05]} 37.
Bb4 {[%clk 00:02:59]} {[%emt 00:01:00]} Rxa3 {[%clk 00:00:57]} {[%emt
00:00:41]} 38. bxa3 {[%clk 00:02:51]} {[%emt 00:00:38]} Nc6 {[%clk 00:00:54]}
{[%emt 00:00:33]} 39. exf6 {[%clk 00:02:37]} {[%emt 00:00:45]} gxf6 {[%clk
00:01:11]} {[%emt 00:00:13]} 40. Bc5 {[%clk 00:02:57]} {[%emt 00:00:10]} e5+
{[%clk 00:00:33]} {[%emt 00:01:08]} 41. dxe5 {[%clk 00:03:19]} {[%emt
00:00:07]} Bxf3 {[%clk 00:00:36]} {[%emt 00:00:27]} 42. exf6 {[%clk 00:02:41]}
{[%emt 00:01:09]} Bd1 {[%clk 00:00:33]} {[%emt 00:00:32]} 43. f7 {[%clk
00:03:00]} {[%emt 00:00:11]} Nd8 {[%clk 00:00:59]} {[%emt 00:00:04]} 44. f8=Q
{[%clk 00:01:45]} {[%emt 00:01:46]} Ne6+ {[%clk 00:01:24]} {[%emt 00:00:05]} 45.
Kg3 {[%clk 00:02:04]} {[%emt 00:00:11]} Nxf8 {[%clk 00:01:48]} {[%emt
00:00:06]} 46. Bxf8 {[%clk 00:02:29]} {[%emt 00:00:05]} Ke6 {[%clk 00:01:23]}
{[%emt 00:00:55]} 47. Bg7 {[%clk 00:02:47]} {[%emt 00:00:11]} Ba4 {[%clk
00:00:52]} {[%emt 00:01:01]} 48. Kf4 {[%clk 00:03:03]} {[%emt 00:00:15]} Bc2
{[%clk 00:00:49]} {[%emt 00:00:33]} 49. Bd4 {[%clk 00:03:19]} {[%emt 00:00:13]}
Bd1 {[%clk 00:01:07]} {[%emt 00:00:13]} 50. Kg5 {[%clk 00:03:31]} {[%emt
00:00:18]} Kf7 {[%clk 00:01:14]} {[%emt 00:00:23]} 51. h5 {[%clk 00:02:11]}
{[%emt 00:01:50]} gxh5 {[%clk 00:01:26]} {[%emt 00:00:18]} 52. Kxh5 {[%clk
00:02:37]} {[%emt 00:00:03]} Ke6 {[%clk 00:01:14]} {[%emt 00:00:43]} 53. Kg5
{[%clk 00:02:41]} {[%emt 00:00:27]} Ba4 {[%clk 00:00:54]} {[%emt 00:00:49]} 54.
f4 {[%clk 00:02:56]} {[%emt 00:00:15]} Bc2 {[%clk 00:00:34]} {[%emt 00:00:50]}
55. f5+ {[%clk 00:03:04]} {[%emt 00:00:21]} Kf7 {[%clk 00:00:49]} {[%emt
00:00:16]} 56. Kf4 {[%clk 00:03:26]} {[%emt 00:00:08]} Bd1 {[%clk 00:00:49]}
{[%emt 00:00:29]} 57. g5 {[%clk 00:03:43]} {[%emt 00:00:14]} Bh5 {[%clk
00:01:17]} {[%emt 00:00:02]} 58. Ke5 {[%clk 00:04:04]} {[%emt 00:00:08]} 1-0